| 000 | 00695nam a22002177a 4500 | ||
|---|---|---|---|
| 003 | OSt | ||
| 005 | 20140310182103.0 | ||
| 008 | 130823t xxu||||| |||| 00| 0 eng d | ||
| 022 | _29781585424337 | ||
| 050 |
_aHF 5386 _b.H57 2005 |
||
| 082 |
_aHS 650.122 _bH 55 2005 |
||
| 100 |
_aHill, Napoleon _912891 |
||
| 245 |
_aThink and grow rich : _bthe landmark bestseller--now revised and updated for the 21st century / _cHill, Napoleon. |
||
| 260 |
_aNew York : _bJeremy P. Tarcher/Penguin, _c2005. |
||
| 300 |
_a302 p. ; _c19 cm. |
||
| 600 |
_aNapoleon, Hill _912892 |
||
| 650 |
_aArnegie, Andrew, 1835-1919 _912893 |
||
| 650 |
_aSuccess in business _9442 |
||
| 942 |
_2lcc _cHS |
||
| 999 |
_c9233 _d9233 |
||